| 000 | 00322nam a22001097a 4500 | ||
|---|---|---|---|
| 082 | _a297.63 LIF'E | ||
| 245 | _aTHE LIFE OF MUHAMMAD (PBUH) A TRANSLATION OF ISHAQ'A SIRAT RASUL ALLAH | ||
| 260 |
_aLONDON _bOXFORD _c1955 |
||
| 300 | _a813P | ||
| 650 |
_aISLAM-BIOGRAPHY-PROPHET MUHAMMAD PEACE BE UPON HIM _9876 |
||
| 942 | _cBK | ||
| 999 |
_c582904 _d582904 |
||